000 01548cpcaa2200349 a 4500
001 mm 79000664
003 DLC
005 20260227111633.0
008 850606|||||||||||| eng
010 _amm 79000664
_zmm 79003209
040 _aDLC
_cDLC
_dDLC
_edacs
072 7 _aN
_2lcmd
100 1 _aMercer, Charles Fenton,
_d1778-1858.
245 0 0 _aCharles Fenton Mercer correspondence,
_f1825-1832.
300 _a8
_fitems.
506 0 _aOpen to research.
520 8 _aLetter (1825) and correspondence (1832) regarding loans for the Chesapeake and Ohio Canal. Includes an ALS (1832 December 25) from John Peter Van Ness to Phineas Janney pertaining to the loans.
545 0 _aU.S. representative from Virginia, U.S. army officer, and canal official.
546 _aCollection material in English.
580 _aForms part of: Miscellaneous Manuscripts collection.
583 _aPortion of the collection formerly cataloged under Washington (D.C.) Letters, 1832.
600 1 0 _aJanney, Phineas
_vCorrespondence.
600 1 0 _aVan Ness, John Peter,
_d1770-1846
_vCorrespondence.
651 0 _aChesapeake and Ohio Canal (Md. and Washington, D.C.)
650 0 _aCanals
_zMaryland.
650 0 _aCanals
_zWashington (D.C.)
656 7 _aArmy officers.
_2itoamc
656 7 _aCanal officials.
_2itoamc
656 7 _aRepresentatives, U.S. Congress
_zVirginia.
_2itoamc
999 _c40518
_d40518